Soccer Home Kits 24/25 - Statistics

General Stats
  • This quiz has been taken 87 times
  • The average score is 15 of 16
Answer Stats
Picture Answer % Correct
Man City
100%
Atletico Madrid
97%
Barcelona
97%
PSG
97%
Chelsea
96%
Juventus
95%
Liverpool
95%
Spurs
95%
AC Milan
93%
Inter Miami
93%
Man United
93%
Napoli
92%
Bayern Munchen
91%
Al Nassr
88%
Girona
87%
Lyon
87%
No matching quizzes found
Score Distribution
Percent of People with Each Score
Percentile by Number Answered
Your Score History
You have not taken this quiz